La educación y sus tres problemas

Saved in:
書目詳細資料
主要作者: Mantovani, Juan (autor)
格式: 圖書
語言:西班牙语
出版: Buenos Aires El Ateneo 1979
版:11a. ed
叢編:Biblioteca nuevas orientaciones de la educación
主題:
標簽: 添加標簽
沒有標簽, 成為第一個標記此記錄!

MARC

LEADER 00000nam a2200000 a 4500
001 UCY9886
003 CL-VaPUC
008 950724e19790000AG |||||||||||||||||spa|d
082 0 4 |a 370.1  |b MAN  |2 21 
100 |a Mantovani, Juan  |e autor  |9 519137 
245 1 3 |a La educación y sus tres problemas 
250 |a 11a. ed 
300 |a 145 p 
942 |c BK 
945 |d 19950724 00:00:00  |a mfernand 
260 |a Buenos Aires  |b El Ateneo  |c 1979 
650 0 |a Filosofía de la educación   |9 258384 
650 7 |a HOMBRE  |2 CL-VaPUC  |9 262149 
650 0 |a Idealismo  |9 265685 
650 0 |a Positivismo  |9 269460 
650 0 |a Democracia  |9 255256 
650 0 |a Antropología filosófica  |9 265842 
650 0 |a Derecho a la educación   |9 307987 
583 |a last modification  |c 19950724 00:00:00  |k Rodrigo Vera 
490 0 |a Biblioteca nuevas orientaciones de la educación 
999 |c 236889  |d 236887 
952 |0 0  |1 0  |4 0  |6 370_100000000000000_MAN_1979  |7 0  |8 P  |9 245263  |a BIBEDU  |b BIBEDU  |c BIBEDU_PB  |d 2019-11-18  |i 1538926  |o 370.1 MAN 1979  |p 1538926  |r 2024-01-25  |w 2019-11-18  |y BK  |k EDU 
952 |0 0  |1 0  |4 0  |6 370_100000000000000_MAN_1979  |7 0  |8 P  |9 245264  |a BIBEDU  |b BIBEDU  |c BIBEDU_PB  |d 2019-11-18  |i 1538934  |o 370.1 MAN 1979  |p 1538934  |r 2024-01-25  |w 2019-11-18  |y BK  |k EDU 
952 |0 0  |1 0  |4 0  |6 370_100000000000000_MAN_1979  |7 0  |8 P  |9 245265  |a BIBEDU  |b BIBEDU  |c BIBEDU_PB  |d 2019-11-18  |i 1538942  |o 370.1 MAN 1979  |p 1538942  |r 2024-01-25  |w 2019-11-18  |y BK  |k EDU 
952 |0 0  |1 0  |4 0  |6 370_100000000000000_MAN_1979  |7 0  |8 P  |9 245266  |a BIBEDU  |b BIBEDU  |c BIBEDU_PB  |d 2019-11-18  |i 1538950  |o 370.1 MAN 1979  |p 1538950  |r 2024-01-25  |w 2019-11-18  |y BK  |k EDU 
952 |0 0  |1 0  |4 0  |6 370_100000000000000_MAN_1979  |7 0  |8 P  |9 245267  |a BIBEDU  |b BIBEDU  |c BIBEDU_PB  |d 2019-11-18  |i 1538969  |o 370.1 MAN 1979  |p 1538969  |r 2024-01-25  |w 2019-11-18  |y BK  |k EDU 
952 |0 0  |1 0  |4 0  |6 370_100000000000000_MAN_1979  |7 0  |8 P  |9 245268  |a BIBEDU  |b BIBEDU  |c BIBEDU_PB  |d 2019-11-18  |i 1538977  |o 370.1 MAN 1979  |p 1538977  |r 2024-01-25  |w 2019-11-18  |y BK  |k EDU